000
00293nam a2200121Ia 4500
008
191201s1997 xx 000 0 und d
100
_a
ASPLAND, R J
245
0
_a
Textile Dyeing and Coloration
260
_a
N.Delhi
_b
A.A.T.C.C
_c
1997
300
_a
410
650
_a
B.Tech(TE)
942
_2
ddc
_c
BK
999
_c
3375
_d
3375